Mimésis - Phương thức biểu hiện thực tại trong văn học phương Tây.

Vết sẹo của Ulysse. Fortunata. Vụ bắt giữ Pierre Valvomere. Sichaire và Chramnesinde . Chàng Roland dẫn đầu đội hậu quân . Các cuộc phiêu lưu của chàng hiệp sĩ hào hoa . Adam và Eva . Farinata và Cavalcanta . Tu sĩ Alberto. Quý bà De Chastel. Thế giới trong miệng Pantagruel. Thân phận con người. Chà...

詳細記述

保存先:
書誌詳細
第一著者: Auerbach, Erich 1892-1957
その他の著者: Phùng Ngọc Kiên (dịch)
フォーマット: 図書
言語:Vietnamese
English
出版事項: H. Tri thức 2015
シリーズ:Tủ sách tinh hoa tri thức thế giới
主題:
タグ: タグ追加
タグなし, このレコードへの初めてのタグを付けませんか!
Thư viện lưu trữ: Mạng thư viện Đại học Đà Nẵng
LEADER 01977nam a2200373 4500
001 000024081
003 20560
005 20161011091030.0
008 161005s2015 viesd
020 |a 9786049087226  |c 195000đ 
041 1 |a vie  |h eng 
082 1 4 |a 809,912  |b AU-E 
100 1 |a Auerbach, Erich  |d 1892-1957 
245 1 0 |a Mimésis - Phương thức biểu hiện thực tại trong văn học phương Tây.  |c Erich Auerbach; Phùng Ngọc Kiên (dịch) 
246 1 1 |a Mimesis: The Representation of Reality in Western Literature 
260 |a H.  |b Tri thức  |c 2015 
300 |a 707 tr.  |b hình  |c 24 cm. 
490 |a Tủ sách tinh hoa tri thức thế giới 
520 3 |a Vết sẹo của Ulysse. Fortunata. Vụ bắt giữ Pierre Valvomere. Sichaire và Chramnesinde . Chàng Roland dẫn đầu đội hậu quân . Các cuộc phiêu lưu của chàng hiệp sĩ hào hoa . Adam và Eva . Farinata và Cavalcanta . Tu sĩ Alberto. Quý bà De Chastel. Thế giới trong miệng Pantagruel. Thân phận con người. Chàng hoàng tử mệt mỏi. Quý bà bị yểm bùa của Don Quijote. Kẻ mộ đạo giả dối. Bữa ăn bị bỏ dở. Thầy dạy nhạc Miller. Trong phòng khách nhà De La Mole. Germinie Lacerteux. Chiếc tất màu thạch thảo 
650 0 4 |a Văn học  |x Lịch sử và phê bình 
650 0 4 |a Hiện thực trong văn học 
653 |a Mimésis 
653 |a Phương thức biểu hiện thực tại 
700 1 |a Phùng Ngọc Kiên  |e dịch 
OWN |a LSP 
AVA |a UDN50  |b LSP  |d 809,912 AU-E  |e available  |t Error 5001 Not defined in file expand_doc_bib_avail.  |f 4  |g 0  |h N  |i 0  |k 1 
999 |a From the UDN01 
AVA |a UDN50  |b LSP  |d 809,912 AU-E  |e available  |t Error 5001 Not defined in file expand_doc_bib_avail.  |f 4  |g 0  |h N  |i 0  |k 1 
TYP |a Monograph 
TYP |a Printed language 
980 |a Mạng thư viện Đại học Đà Nẵng